Specialised courses at university level

Salvato in:
Dettagli Bibliografici
Autore principale: Hrivíková, Tatiana, 1959-
Natura: Capitolo di libro
Lingua:inglese
Tags: Aggiungi Tag
Nessun Tag, puoi essere il primo ad aggiungerne!!

MARC

LEADER 00000naa$a2200000$$$4500
001 0110605
005 20240502072225.5
041 0 |a eng 
044 |a SK 
245 1 0 |a Specialised courses at university level  |c Recenzenti: Kathleen M. Lance, Eleonóra Dzuríková [ et al. ] 
100 1 |a Hrivíková, Tatiana, 1959-